[Event "EU-ch Amateur U2000"]
[Site "Zagreb"]
[Date "2022.08.16"]
[Round "3"]
[White "Mudrinic, Nenad"]
[Black "Radic, Len"]
[Result "1/2-1/2"]
[WhiteElo "1841"]
[BlackElo "1498"]
[PlyCount "40"]
[EventDate "2022.08.14"]
[EventType "swiss"]
[EventRounds "9"]
[EventCountry "CRO"]
[SourceTitle "CBM 210 Extra"]
[Source "ChessBase"]
[SourceDate "2022.11.30"]
[SourceVersion "1"]
[SourceVersionDate "2022.11.30"]
[SourceQuality "1"]

1. c4 e6 2. d4 f5 3. Nc3 Nf6 4. f3 Bb4 5. a3 Bxc3+ 6. bxc3 0-0 7. Bg5 h6 8. Bh4 b6 9. e3 d6 10. Bd3 Bb7 11. Ne2 Qe8 12. 0-0 Nbd7 13. Bf2 Nh5 14. Ng3 Nxg3 15. Bxg3 e5 16. Qd2 e4 17. Be2 Kh8 18. f4 Nf6 19. Qd1 Rd8 20. Bh4 Ba6 1/2-1/2

[Event "Hessen-chA"]
[Site "Frankfurt"]
[Date "2019.05.31"]
[Round "3"]
[White "Rabiya, Karim"]
[Black "Mudrinic, Nenad"]
[Result "0-1"]
[WhiteElo "1826"]
[BlackElo "1897"]
[PlyCount "130"]
[EventDate "2019.05.30"]
[EventType "swiss"]
[EventRounds "7"]
[EventCountry "GER"]
[SourceTitle "EXT 2020"]
[Source "ChessBase"]
[SourceDate "2019.10.17"]
[SourceVersion "1"]
[SourceVersionDate "2019.10.17"]
[SourceQuality "1"]

1. e4 c5 2. Nf3 e6 3. d4 cxd4 4. Nxd4 Nf6 5. Nc3 Bb4 6. Qd3 Nc6 7. Nxc6 bxc6 8. Bg5 Qa5 9. Bd2 d5 10. exd5 Nxd5 11. Ne4 0-0 12. c3 Be7 13. Be2 Nf6 14. c4 Qd8 15. Rd1 Qxd3 16. Bxd3 Bb7 17. Bg5 Bb4+ 18. Ke2 Nd7 19. a3 Ba5 20. Be7 Rfe8 21. Bd6 f5 22. Ng3 Bd8 23. c5 Nf6 24. Rhe1 Be7 25. Bc4 Nd5 26. Bxe7 Rxe7 27. Kf1 Kf7 28. Re5 g6 29. b4 a5 30. Rb1 axb4 31. axb4 Ba6 32. Bxa6 Rxa6 33. Ree1 Rb7 34. Ra1 Rxa1 35. Rxa1 Nxb4 36. Rb1 Rb5 37. Ne2 Na6 38. Ra1 Nxc5 39. Nd4 Rb6 40. Rc1 e5 41. Nxf5 gxf5 42. Rxc5 Ke6 43. h3 Kd6 44. Rc4 Kd5 45. Rh4 Rb7 46. f4 c5 47. Rh5 Rf7 48. fxe5 Kxe5 49. Ke2 Kd4 50. Rh4+ Kc3 51. Rf4 c4 52. g4 Re7+ 53. Kf3 fxg4+ 54. hxg4 Kd3 55. Rf6 c3 56. Rd6+ Kc2 57. g5 Kc1 58. g6 hxg6 59. Rxg6 c2 60. Kf2 Re5 61. Rb6 Kd2 62. Rd6+ Kc3 63. Rc6+ Kd3 64. Rc8 Re4 65. Rd8+ Kc3 0-1

[Event "Kozje op 2nd"]
[Site "Kozje"]
[Date "2015.09.13"]
[Round "5"]
[White "Mudrinic, Nenad"]
[Black "Marn, Jan"]
[Result "1-0"]
[WhiteElo "1760"]
[BlackElo "1810"]
[PlyCount "65"]
[EventDate "2015.09.11"]
[EventType "swiss"]
[EventRounds "5"]
[EventCountry "SLO"]
[SourceTitle "EXT 2016"]
[Source "ChessBase"]
[SourceDate "2015.10.08"]
[SourceVersion "1"]
[SourceVersionDate "2015.10.08"]
[SourceQuality "1"]

1. d4 d5 2. c4 e6 3. cxd5 exd5 4. Nc3 Nf6 5. Bg5 Be7 6. e3 c6 7. Bd3 Be6 8. Nge2 Nbd7 9. f3 h6 10. Bh4 Ne4 11. Bxe7 Nxc3 12. bxc3 Qxe7 13. 0-0 0-0 14. Nf4 Nf6 15. Nxe6 Qxe6 16. Qd2 Rfe8 17. Rae1 Qd6 18. e4 Nd7 19. e5 Qc7 20. f4 c5 21. Rc1 c4 22. Bb1 b5 23. Qc2 Nf8 24. Rf3 a5 25. Qd2 Qb6 26. f5 b4 27. f6 bxc3 28. Qxc3 g6 29. Qe3 Kh7 30. Rh3 h5 31. Rxh5+ Kg8 32. Rh8+ Kxh8 33. Qh6+ 1-0

[Event "Kozje op 2nd"]
[Site "Kozje"]
[Date "2015.09.13"]
[Round "4"]
[White "Paternoster, Janez"]
[Black "Mudrinic, Nenad"]
[Result "0-1"]
[WhiteElo "1382"]
[BlackElo "1760"]
[PlyCount "68"]
[EventDate "2015.09.11"]
[EventType "swiss"]
[EventRounds "5"]
[EventCountry "SLO"]
[SourceTitle "EXT 2016"]
[Source "ChessBase"]
[SourceDate "2015.10.08"]
[SourceVersion "1"]
[SourceVersionDate "2015.10.08"]
[SourceQuality "1"]

1. d4 Nf6 2. c4 g6 3. Nc3 Bg7 4. e4 d6 5. Nf3 0-0 6. h3 e5 7. d5 Nbd7 8. Be3 Nh5 9. Rc1 f5 10. Be2 f4 11. Bd2 Ndf6 12. 0-0 h6 13. Na4 Nxe4 14. Bd3 Nhf6 15. Re1 Bf5 16. Qc2 Nxd2 17. Qxd2 Bxd3 18. Qxd3 e4 19. Rxe4 Nxe4 20. Qxe4 Qe8 21. Qxe8 Raxe8 22. Nc3 Rf7 23. Rb1 a6 24. Kf1 Rfe7 25. Nh4 Kf7 26. Nf3 b6 27. Rc1 Bxc3 28. Rxc3 Re2 29. Rc1 Rxb2 30. Ra1 Ree2 31. Nd4 Rxf2+ 32. Kg1 Rxg2+ 33. Kh1 Rh2+ 34. Kg1 Rxh3 0-1